000 00648nam a2200241 i 4500
001 C2-0223487
003 PPAK
005 20180728152330.0
008 000216s1930 my |||| ||||| | may d
040 _aPPAK
_beng
_cPPAK
_erda
082 0 4 _a899.23
_223
090 0 0 _a899.23
_bMUH
_dKAH
100 0 _aMuhammad Isa Bin Mahmud,
_eauthor
245 1 0 _aPenghiburan Cinta
264 1 _aMelaka :
_bMelaka Latteefiah Press ,
_c1930
300 _a142 pages ;
_c19 cm
336 _2rdacontent
_atext
337 _2rdamedia
_aunmediated
338 _2rdacarrier
_avolume
500 _aTeks tulisan jawi
650 1 0 _aMalay fiction.
942 _ddc
_cB
999 _c144612
_d144612